| 000 | 01032nam a2200397Ia 4500 | ||
|---|---|---|---|
| 001 | 57014 | ||
| 003 | 128177 | ||
| 005 | 20250116062532.0 | ||
| 008 | ||||||n9999 ||| || || | ||
| 020 | _a8475097057 | ||
| 041 | _aspa | ||
| 082 |
_221 _a306.42 |
||
| 100 |
_aJameson, Fredric _978770 |
||
| 245 | 0 |
_aEl posmodernismo o la logica cultural del capitalismo avanzado _bFrederic Jameson ; traducción de José Luis Pardo Torío. |
|
| 260 |
_aEspaña : _bPAIDO, _c1991. |
||
| 300 | _a121p. | ||
| 490 |
_aPaidós studio _v83 |
||
| 562 | _e3 | ||
| 650 | 0 |
_aCambio cultural _92117 |
|
| 650 | 0 |
_aCiudades _92194 |
|
| 650 |
_aCULTURA DOMINANTE _928944 |
||
| 650 |
_aPLURALISMO CULTURAL _96144 |
||
| 650 |
_aPOSTMODERNISMO _925038 |
||
| 650 |
_aREVOLUCION CULTURAL _97967 |
||
| 650 |
_aTENDENCIAS SOCIALES _92076 |
||
| 942 | _cBKM | ||
| 942 | _cBKM | ||
| 999 |
_c57014 _d57014 |
||
| 526 | _a105630 | ||
| 526 | _a1698 | ||
| 526 | _a4969 | ||
| 526 | _a19790 | ||
| 526 | _a104436 | ||
| 526 | _a5144 | ||
| 526 | _a51868 | ||
| 526 | _a1697 | ||